| 000 | 01080nac a22002651i 4500 | ||
|---|---|---|---|
| 003 | EG-ScBUE | ||
| 005 | 20230604104959.0 | ||
| 008 | 110119s2001 le a f b 001 0 ara d | ||
| 040 |
_aEG-ScBUE _beng _erda _cEG-ScBUE _dEG-ScBUE |
||
| 082 | 0 | 4 |
_a709.1 _bع ك ا _222 |
| 100 | 1 |
_aعكاشة، ثروت، _d1921-2012، _eمؤلف. _922067 |
|
| 245 | 1 | 0 |
_aموسوعة التصوير الإسلامي / _cالدكتور ثروت عكاشة. |
| 250 | _aالطبعة الأولى. | ||
| 264 | 1 |
_aبيروت : _bمكتبة لبنان ناشرون، _c2001. |
|
| 300 |
_a362 صفحة : _bإيضاحيات ملونة ؛ _c30 سم. |
||
| 336 |
_2rdacontent _aنص _btxt |
||
| 337 |
_2rdamedia _aبدون وسيط _bn |
||
| 338 |
_2rdacarrier _aمجلد _bnc |
||
| 490 | 0 |
_aتاريخ الفن. _aالعين تسمع والأذن ترى |
|
| 504 | _aيشتمل على إرجاعات ببليوجرافية وفهارس. | ||
| 650 | 7 |
_aالفن الإسلامي. _2BUEsh _915001 |
|
| 650 | 7 |
_aالتصوير الإسلامي. _2BUEsh |
|
| 655 | _vReading book | ||
| 942 |
_cBB _k709.1 ع ك ا _2ddc |
||
| 999 |
_c5527 _d5527 |
||